Frontiers in numerical analysis (Record no. 2181)
[ view plain ]
| 000 -LEADER | |
|---|---|
| fixed length control field | 00622 a2200181 4500 |
| 001 - CONTROL NUMBER | |
| control field | 068525 |
| 003 - CONTROL NUMBER IDENTIFIER | |
| control field | OSt |
| 005 - DATE AND TIME OF LATEST TRANSACTION | |
| control field | 20220218161535.0 |
| 008 - FIXED-LENGTH DATA ELEMENTS--GENERAL INFORMATION | |
| fixed length control field | |
| 082 ## - DEWEY DECIMAL CLASSIFICATION NUMBER | |
| Classification number | 519.4 |
| Item number | F92F |
| 245 1# - TITLE STATEMENT | |
| Title | Frontiers in numerical analysis |
| Statement of responsibility, etc | edited by J.F. Blowey and A.W. Craig |
| 260 ## - PUBLICATION, DISTRIBUTION, ETC. (IMPRINT) | |
| Place of publication, distribution, etc | New York |
| Name of publisher, distributor, etc | Springer |
| Date of publication, distribution, etc | 2005 |
| 300 ## - PHYSICAL DESCRIPTION | |
| Extent | 262p. |
| 653 ## - INDEX TERM--UNCONTROLLED | |
| Uncontrolled term | Numerical analysis; Computer science--Mathematics; Mathematics; Computer science; Global analysis (Mathematics); Physics; Engineering; Computational intelligence |
| 700 ## - ADDED ENTRY--PERSONAL NAME | |
| Personal name | Blowey, J.F. |
| Relator term | Editor |
| 700 ## - ADDED ENTRY--PERSONAL NAME | |
| Personal name | Craig, A.W. |
| Relator term | Editor |
| 942 ## - ADDED ENTRY ELEMENTS (KOHA) | |
| Source of classification or shelving scheme | Dewey Decimal Classification |
| Koha item type | Books |
| Withdrawn status | Lost status | Source of classification or shelving scheme | Damaged status | Not for loan | Collection code | Home library | Current library | Date acquired | Source of acquisition | Cost, normal purchase price | Total Checkouts | Full call number | Barcode | Date last seen | Price effective from | Koha item type |
|---|---|---|---|---|---|---|---|---|---|---|---|---|---|---|---|---|
| Dewey Decimal Classification | General Text Book | Central University Of Rajasthan | Central University Of Rajasthan | 07/03/2012 | MTH | 3505.00 | 519.4 F92F | 2812 | 21/11/2024 | 02/09/2020 | Books |
